00377nam a2200121Ia 4500008004100000041000800041100002000049245006800069260004600137300000900183500002700192700003600219250110s9999 xx 000 0 und d aeng aMundada Medhavi aLandscape Experience And Learing Centre At Kharghae Navi Mumbai bBNCA M.Arch. Landscape Architecturec2020 a105p aLandscape Architeture aGuide Name:Sahasrtabuddhe Swati